10627nam a22002177a 450000500170000001000150001702000180003203500140005003700120006408200110007610000340008724500710012125000060019226000810019827000920027930000610037149099680043270000031040070000031040370000031040620251007111606.0 aHIN-130470 a9788178572024 aHN-102816 bDBADa1 a82121 aउदय नारायण  aदोहोदय/cउदय नारायणhहिंदी a1 aकानपुर नगरbउदय नारायण 'उदय'c2020 a55,संजय नगर,नौबस्ता bकानपुर नगर e208021 a112 पृष्ठ;c21सेमी(सजिल्द) a